000 00532 a2200157 4500
001 ART_7303
005 20260410161720.0
008 260409a
245 1 0 _aEducación virtual como complemento de la educación formal y continuada
100 1 _aViegas, Juan Carlos
700 1 _aFronti de García, Luisa
700 1 _aSuárez Kimura, Elsa Beatriz
700 1 _aScavone, Graciela María
700 1 _aGarcía Fronti, Inés M.
773 0 _tContabilidad y auditoría
_g- Año 7, Nº 14 (dic. 2001)
_wREV1723
999 _c16845
_d16845